The NEW encyclopaedia Britannica: in 30 volumes
Պահպանված է:
| Ձևաչափ: | Գիրք |
|---|---|
| Լեզու: | անգլերեն |
| Հրապարակվել է: |
Encyclopaedia Britannica,
1974.
|
| Ցուցիչներ: |
Ավելացրեք ցուցիչ
Չկան պիտակներ, Եղեք առաջինը, ով նշում է այս գրառումը!
|
MARC
| LEADER | 00000nam a22000007a 4500 | ||
|---|---|---|---|
| 008 | 210420b ||||| |||| 00| 0 eng d | ||
| 245 | |a The NEW encyclopaedia Britannica: in 30 volumes |c Encyclopaedia Britannica, Inc |g 1106p. | ||
| 250 | |b 15th ed |c Encyclopaedia Britannica, Inc | ||
| 260 | |b Encyclopaedia Britannica, |c 1974. |h Chicago: |i [654569 – 654578] – Vol. 1-10 |i [654579, 654580, 654581] – Vol. 1-3 |i [654569 – 654578] – Vol. 1-10 |l AE5 .N42 |m Encyclopedias and dictionaries. | ||
| 942 | |a lcc |c BK |e Adeniran F. A |f 20/04/2021 | ||
| 952 | |0 0 |1 0 |2 lcc |4 0 |6 AE0005 N42 |7 0 |9 2232 |a HOL |b HOL |c AF |d 2021-04-20 |l 0 |o AE5 .N42 |p 2021-6086 |r 2021-04-20 00:00:00 |w 2021-04-20 |y BK | ||
| 952 | |0 0 |1 0 |2 lcc |4 0 |6 AE0005 N42 |7 0 |9 2233 |a HOL |b HOL |c AF |d 2021-04-20 |l 0 |o AE5 .N42 |p 2021-6087 |r 2021-04-20 00:00:00 |w 2021-04-20 |y BK | ||
| 952 | |0 0 |1 0 |2 lcc |4 0 |6 AE0005 N42 |7 0 |9 2234 |a HOL |b HOL |c AF |d 2021-04-20 |l 0 |o AE5 .N42 |p 2021-6088 |r 2021-04-20 00:00:00 |w 2021-04-20 |y BK | ||
| 952 | |0 0 |1 0 |2 lcc |4 0 |6 AE0005 N42 |7 0 |9 2235 |a HOL |b HOL |c AF |d 2021-04-20 |l 0 |o AE5 .N42 |p 2021-6089 |r 2021-04-20 00:00:00 |w 2021-04-20 |y BK | ||
| 952 | |0 0 |1 0 |2 lcc |4 0 |6 AE0005 N42 |7 0 |9 2236 |a HOL |b HOL |c AF |d 2021-04-20 |l 0 |o AE5 .N42 |p 2021-6090 |r 2021-04-20 00:00:00 |w 2021-04-20 |y BK | ||
| 952 | |0 0 |1 0 |2 lcc |4 0 |6 AE0005 N42 |7 0 |9 2237 |a HOL |b HOL |c AF |d 2021-04-20 |l 0 |o AE5 .N42 |p 2021-6091 |r 2021-04-20 00:00:00 |w 2021-04-20 |y BK | ||
| 952 | |0 0 |1 0 |2 lcc |4 0 |6 AE0005 N42 |7 0 |9 2238 |a HOL |b HOL |c AF |d 2021-04-20 |l 0 |o AE5 .N42 |p 2021-6092 |r 2021-04-20 00:00:00 |w 2021-04-20 |y BK | ||
| 952 | |0 0 |1 0 |2 lcc |4 0 |6 AE0005 N42 |7 0 |9 2239 |a HOL |b HOL |c AF |d 2021-04-20 |l 0 |o AE5 .N42 |p 2021-6093 |r 2021-04-20 00:00:00 |w 2021-04-20 |y BK | ||
| 952 | |0 0 |1 0 |2 lcc |4 0 |6 AE0005 N42 |7 0 |9 2240 |a HOL |b HOL |c AF |d 2021-04-20 |l 0 |o AE5 .N42 |p 2021-6094 |r 2021-04-20 00:00:00 |w 2021-04-20 |y BK | ||
| 952 | |0 0 |1 0 |2 lcc |4 0 |6 AE0005 N42 |7 0 |9 2241 |a HOL |b HOL |c AF |d 2021-04-20 |l 0 |o AE5 .N42 |p 2021-6095 |r 2021-04-20 00:00:00 |w 2021-04-20 |y BK | ||
| 952 | |0 0 |1 0 |2 lcc |4 0 |6 AE0005 N42 |7 0 |9 2242 |a HOL |b HOL |c AF |d 2021-04-20 |l 0 |o AE5 .N42 |p 2021-6096 |r 2021-04-20 00:00:00 |w 2021-04-20 |y BK | ||
| 952 | |0 0 |1 0 |2 lcc |4 0 |6 AE0005 N42 |7 0 |9 2243 |a HOL |b HOL |c AF |d 2021-04-20 |l 0 |o AE5 .N42 |p 2021-6097 |r 2021-04-20 00:00:00 |w 2021-04-20 |y BK | ||
| 952 | |0 0 |1 0 |2 lcc |4 0 |6 AE0005 N42 |7 0 |9 2244 |a HOL |b HOL |c AF |d 2021-04-20 |l 0 |o AE5 .N42 |p 2021-6098 |r 2021-04-20 00:00:00 |w 2021-04-20 |y BK | ||
| 952 | |0 0 |1 0 |2 lcc |4 0 |6 AE0005 N42 |7 0 |9 2245 |a HOL |b HOL |c AF |d 2021-04-20 |l 0 |o AE5 .N42 |p 2021-6099 |r 2021-04-20 00:00:00 |w 2021-04-20 |y BK | ||
| 952 | |0 0 |1 0 |2 lcc |4 0 |6 AE0005 N42 |7 0 |9 2246 |a HOL |b HOL |c AF |d 2021-04-20 |l 0 |o AE5 .N42 |p 2021-6100 |r 2021-04-20 00:00:00 |w 2021-04-20 |y BK | ||
| 952 | |0 0 |1 0 |2 lcc |4 0 |6 AE0005 N42 |7 0 |9 2247 |a HOL |b HOL |c AF |d 2021-04-20 |l 0 |o AE5 .N42 |p 2021-6101 |r 2021-04-20 00:00:00 |w 2021-04-20 |y BK | ||
| 952 | |0 0 |1 0 |2 lcc |4 0 |6 AE0005 N42 |7 0 |9 2248 |a HOL |b HOL |c AF |d 2021-04-20 |l 0 |o AE5 .N42 |p 2021-6102 |r 2021-04-20 00:00:00 |w 2021-04-20 |y BK | ||
| 952 | |0 0 |1 0 |2 lcc |4 0 |6 AE0005 N42 |7 0 |9 2249 |a HOL |b HOL |c AF |d 2021-04-20 |l 0 |o AE5 .N42 |p 2021-6103 |r 2021-04-20 00:00:00 |w 2021-04-20 |y BK | ||
| 952 | |0 0 |1 0 |2 lcc |4 0 |6 AE0005 N42 |7 0 |9 2250 |a HOL |b HOL |c AF |d 2021-04-20 |l 0 |o AE5 .N42 |p 2021-6104 |r 2021-04-20 00:00:00 |w 2021-04-20 |y BK | ||
| 952 | |0 0 |1 0 |2 lcc |4 0 |6 AE0005 N42 |7 0 |9 2251 |a HOL |b HOL |c AF |d 2021-04-20 |l 0 |o AE5 .N42 |p 2021-6105 |r 2021-04-20 00:00:00 |w 2021-04-20 |y BK | ||
| 952 | |0 0 |1 0 |2 lcc |4 0 |6 AE0005 N42 |7 0 |9 2252 |a HOL |b HOL |c AF |d 2021-04-20 |l 0 |o AE5 .N42 |p 2021-6106 |r 2021-04-20 00:00:00 |w 2021-04-20 |y BK | ||
| 952 | |0 0 |1 0 |2 lcc |4 0 |6 AE0005 N42 |7 0 |9 2253 |a HOL |b HOL |c AF |d 2021-04-20 |l 0 |o AE5 .N42 |p 2021-6107 |r 2021-04-20 00:00:00 |w 2021-04-20 |y BK | ||
| 952 | |0 0 |1 0 |2 lcc |4 0 |6 AE0005 N42 |7 0 |9 2254 |a HOL |b HOL |c AF |d 2021-04-20 |l 0 |o AE5 .N42 |p 2021-6108 |r 2021-04-20 00:00:00 |w 2021-04-20 |y BK | ||
| 952 | |0 0 |1 0 |2 lcc |4 0 |6 AE0005 N42 |7 0 |9 2255 |a HOL |b HOL |c AF |d 2021-04-20 |l 0 |o AE5 .N42 |p 2021-6109 |r 2021-04-20 00:00:00 |w 2021-04-20 |y BK | ||
| 952 | |0 0 |1 0 |2 lcc |4 0 |6 AE0005 N42 |7 0 |9 2256 |a HOL |b HOL |c AF |d 2021-04-20 |l 0 |o AE5 .N42 |p 2021-6110 |r 2021-04-20 00:00:00 |w 2021-04-20 |y BK | ||
| 952 | |0 0 |1 0 |2 lcc |4 0 |6 AE0005 N42 |7 0 |9 2257 |a HOL |b HOL |c AF |d 2021-04-20 |l 0 |o AE5 .N42 |p 2021-6111 |r 2021-04-20 00:00:00 |w 2021-04-20 |y BK | ||
| 952 | |0 0 |1 0 |2 lcc |4 0 |6 AE0005 N42 |7 0 |9 2258 |a HOL |b HOL |c AF |d 2021-04-20 |l 0 |o AE5 .N42 |p 2021-6112 |r 2021-04-20 00:00:00 |w 2021-04-20 |y BK | ||
| 999 | |c 1163 |d 1163 | ||